000 01124cam a2200349 a 4500
999 _c529233
_d529233
001 15192185
003 NUST
005 20190923120103.0
008 080225s2008 pk ab b 001 0 eng
010 _a 2008328877
020 _a9799693520834
020 _a9693520831
025 _aP-E-2008328877 ; 21
038 _aMSOHAIL
040 _aDLC
_cDLC
_dDLC
041 0 _aeng
_apus
042 _alcode
043 _aa-pk---
050 0 0 _aDS392.F43
_bK43 2008
082 _a954.9183
_bKHA
100 1 _aTeepu Mahabat Khan.
_921078
245 1 4 _aThe tribal areas of Pakistan, a contemporary profile /
260 _aLahore :
_bSang-e-Meel Publications,
_c2008.
300 _a376 p. :
_bill. (chiefly col.), col. map ;
_c29 cm.
504 _aIncludes bibliographical references (p. 368-371) and index.
546 _aSome in Pushto.
650 0 _aTribes
_zPakistan
_zKhyber Pakhtunkhwa
_xHistory.
_95460
651 0 _aFederally Administered Tribal Areas (Pakistan )
_xHistory.
_95461
906 _a7
_bcbc
_corigode
_d3
_encip
_f20
_gy-gencatlg
942 _2ddc
_cBK